000 00846nam a2200289Ia 4500
005 20260324112616.0
008 008 260324s9999 xx 000 0 eng d
020 _a9781003534136
037 _aEBOOK
040 _aCRL
040 _beng
040 _cCRL
041 _2eng
041 _aeng
084 _qCRL
100 _aDr Rajeev Agrawal; Dr Arun Pratap Srivastava; Dr Akihiko Sugiyama
_91143410
245 0 _aSustainability in Digital Transformation Era: Driving Innovative & Growth
245 0 _bInternational Conference on Sustainability in Digital Transformation Era: Driving Innovative & Growth
260 _bTaylor and Francis
260 _c2024
365 _a
365 _b295
856 _uhttp://www.taylorfrancis.com/books/9781003534136
942 _cEBOOK
999 _c1732675
_d1732675